| 000 | 00675nam a22001937a 4500 | ||
|---|---|---|---|
| 003 | BD-DhUL | ||
| 005 | 20180517114626.0 | ||
| 008 | 180517s0000 ii |||| |||| 000 0 ben d | ||
| 040 |
_aBD-DhUL _cBD-DhUL |
||
| 082 |
_a891.443 _bMIS |
||
| 100 | 1 | _aমিত্র, গজেন্দ্র কুমার | |
| 245 | 1 | 0 |
_aশ্রেষ্ঠ গল্প / _cগজেন্দ্র কুমার মিত্র |
| 250 | _a২য় সং. | ||
| 260 |
_aকলিকাতা : _bমিত্র ও ঘোষ, _c০০০০। |
||
| 300 |
_a২২৫ পৃ. ; _c২০ সেমি. |
||
| 650 | 0 | _aউপন্যাস | |
| 650 | 0 | _aFiction. | |
| 942 |
_2ddc _cBK |
||
| 999 |
_c241345 _d241345 |
||